UK Towns Quiz - Dumfries and Galloway - Scotland - Statistics

General Stats
  • This quiz has been taken 58 times
  • The average score is 11 of 18
Answer Stats
Clue Town Population % Correct
D Dumfries 33,676
100%
A Annan 8,695
87%
S Stranraer 9,751
87%
K Kirkcudbright 3,233
79%
L Lockerbie 4,412
79%
G Gretna 3,437
76%
C Castle Douglas 4,056
74%
N Newton Stewart 3,954
74%
S Sanquhar 1,913
68%
D Dalbeattie 4,137
66%
M Moffat 2,497
61%
L Langholm 2,040
53%
G Gatehouse of Fleet 1,016
50%
L Lochmaben 2,092
50%
T Thornhill 1,673
47%
K Kirkconnel 2,008
34%
L Locharbriggs 5,481
34%
E Eastriggs 1,737
24%
No matching quizzes found
Score Distribution
Percent of People with Each Score
Percentile by Number Answered
Your Score History
You have not taken this quiz